000 01239nam a2200337 a 4500
001 000021875
003 DO-SdBNP
005 20250925101038.0
007 ta
008 100914s2003 dr 000 0 spa d
020 _a9993491942
040 _aDO-SdBNP
_bspa
_cBNPHU
_eRDA
082 4 _a972.93052
_bI43d
_222
100 1 _aInfante, Fernando
_d1935-
_910518
245 1 0 _a12 años de Balaguer :
_bcronología histórica 1966-1978 /
_cFernando Infante.
246 1 0 _aDoce anos de Balaguer :
_bcronología histórica 1966-1978.
260 _aSanto Domingo :
_bLetra Gráfica,
_c2003.
300 _a344 páginas ;
_c24 cm.
336 _atexto
_btxt
_2rdacontent
337 _asin mediación
_bn
_2rdamedia
338 _avolumen
_bnc
_2rdacarrier
500 _aIncluye índice onomástico
500 _aIncluye datos biográficos del autor en la solapa de la cubierta
590 _aInventariado 2023 / DG
590 _aLa biblioteca posee 1 ejemplar autografiado por el autor.
600 1 0 _a Balaguer, Joaquín,
_d1906-2002
_976556
651 0 _aRepública Dominicana
_xHistoria
_y1966-1978
_978065
651 0 _aRepública Dominicana
_xPolítica y gobierno
_978065
910 _aDG/Validado. Control de Calidad/MAA
942 _2ddc
_cLBS1
999 _c21373
_d21373